000 nam a22 7a 4500
999 _c7147
_d7147
008 170725b xxu||||| |||| 00| 0 eng d
020 _a978938617908
100 _93724
_aAgarwal Aditiya
245 _asample question papers
260 _aNew Delhi
_bArihant Publication
_c2017